Nombra los 10 puertos marítimos más grandes de Europa - Estadísticas

Estadísticas generales
  • Esta prueba ha sido intentada 71 veces
  • La puntuación promedio es 4 de 10
Estadísticas de respuestas
Respuesta % Correcto
Valencia
70%
Róterdam
57%
Ámsterdam
54%
Marsella
54%
Hamburgo
52%
Algeciras
44%
Amberes
32%
Pireo
17%
El Havre
5%
Brema
2%
No se encontraron pruebas coincidentes
Distribución de puntuación
Porcentaje de gente con cada puntuación
Porcentaje por número respondido
Historial de tus puntuaciones
No has intentado esta prueba.